000 01004cam a2200313 i 4500
999 _c200435325
_d53537
001 200435325
003 TR-AnTOB
005 20230606001027.0
007 ta
008 141231s2018 tu a 000 0btur d
020 _a9786056832154
040 _aOSU
_beng
_erda
_cOSU
_dDLC
_dTR-AnTOB
041 0 _atur
050 0 0 _aDR589
090 _aDR589
_b.T36 2018
100 1 _aTanyol, Cahit,
_d1914-
_eauthor
_926650
245 1 0 _aMamato :
_bMahmut Karayılan : bir milli mücadele öyküsü... eşkiyalıktan çete reisliğine /
_cCahit Tanyol.
250 _a2. baskı.
264 1 _aİstanbul :
_bPiya Art Yayınları,
_c2018.
300 _a104 pages :
_billustrations ;
_c20 cm.
336 _atext
_btxt
_2rdacontent
337 _aunmediated
_bn
_2rdamedia
338 _avolume
_bnc
_2rdacarrier
590 _aDonated by TOBB Presidency.
600 1 7 _aKarayılan, Mahmut
_9124238
651 0 _aTürkiye
_xTarih
_yKurtuluş Savaşı, 1918-1923
_910811
942 _2lcc
_cBK